000 00656nam a2200193Ia 4500
005 20260429112040.0
008 260429s9999||||xx |||||||||||||| ||und||
020 _a9789391798253
041 _aHindi
082 _a891.433
_bSAH
100 _aसहाय, आशा
245 0 _aहिंदी का पहला लेस्बियन उपन्यास एकाकिनी /
_cआशा सहाय
250 _a1st ed.
260 _aदिल्ली :
_bएकैडमिक पब्लिकेशन,
_c2022.
300 _a157 p.; Hb
650 _aउपन्यास
700 _a सिंह, सुधा
942 _cTB
999 _c52083
_d52083